000 01024nam a2200289 a 4500
001 000038247
003 DO-SdBNP
005 20210510112103.0
007 000038247
008 130405s2007 dr 000 0 spa d
020 _a9789945862201
040 _aBPMSU
_bspa
_cBPMSU
082 4 _a342.03
_bC758i
_222
092 _a
110 2 _aConsulta Popular para la Reforma Constitucional
245 0 0 _aInforme final abril 2007 :
_bConsulta popular para la reforma constitucional
260 _aSanto Domingo :
_bComisión Ejecutiva para el Proceso de Reforma Constitucional
_c2007.
300 _a385 p. :
_bil. ;
_c29 cm.
650 4 _aDerecho constitucional
_zReública Dominicana
650 4 _aLey constitucional
650 4 _aReformas constitucionales
_zRepública Dominicana
650 4 _aParticipación política
_zRepública Dominicana
710 _aComisión Ejecutiva para el Proceso de Reforma Constitucional (República Dominicana)
910 _aVMateo
942 _2ddc
_cBK
956 _a
_b
_c
_l
_h
999 _c8067
_d8067